00478nam a2200193 a 4500001001300000003000900013005001700022008004100039020001200080082001800092100001600110245004200126260002500168300000900193500003500202505001000237650002100247700001600268nice12345678IN_TiNIC20260116013926.0050524s1994 lona grp 000 0 eng  ac959.200a227.0601bBAR aBarret, C K aPaulb an Introduction to His Thought aLondonbCasselc1994 a180p aincludes index and biblioraphy2 aIndex aPauline Epistles1 aBarret, C K